000 00288nam a2200121Ia 4500
005 20251222144804.0
008 251222s9999||||xx |||||||||||||| ||spa||
082 _a868.94/B22P
100 _aBandeira, Manuel
245 0 _aPoemas
264 _bCentro de Estudios BrasileƱos
942 _cLIB
999 _c19837
_d19837